Statistiques concernant Focus sur: Marcus Flint - Harry Potter

Cliquez ici pour prendre le quiz!

Statistiques générales

  • Ce quiz a été pris 69 fois
  • Le résultat moyen est 6 sur 7

Statistiques - réponses

Informations recherchéesRéponses% Correct
Lieu de rencontre avec Harry PotterPoudlard
100%
Ecole fréquentéePoudlard
100%
Statut du sangSang-Pur
100%
Maison fréquentéeSerpentard
100%
Première apparitionHarry Potter à l'école des sorciers
97%
Poste occupé au QuidditchPoursuiveur
95%
Acteur l'interprétant dans les filmsJamie Yeates
23%

Distribution des résultats

Percentile par nombre de réponses

% des personnes avec chaque résultat

Votre développement - résultats

Vous n’avez pas pris ce quiz